000 00660nam a22002177a 4500
007 00
008 170227b xxu||||| |||| 00| 0 eng d
020 _a978-2-10-051182-2
040 _aBUAC
_cBUC
041 _aFre.
100 _aFOSSET , Bruno
_923261
245 _aChimie 1re année MPSI - PTSI :
_bExercices et problèmes corrigés
_c/ par Bruno Fosset , Jean - Bernard Baudin , Frédéric Lahitète
260 _aParis :
_bDunod ,
_c2007.
300 _a198 p.
_c24 cm.
440 _a(J'intègre)
630 _aSCIENCES PURES
650 _aCHIMIE
700 _aBaudin, Jean - Bernard
700 _aLahitète, Frédéric
942 _cLBA
999 _c56001
_d56001